Flags of the World Impossible - Statistics

General Stats
  • This quiz has been taken 27 times
    14 since last reset
  • The average score is 65 of 196
Answer Stats
Picture Answer % Correct
Kazakhstan
63%
Austria
50%
Belarus
50%
Bhutan
50%
Canada
50%
China
50%
Cuba
50%
Ecuador
50%
Hungary
50%
Iceland
50%
Indonesia
50%
Iran
50%
Israel
50%
Japan
50%
Lebanon
50%
Liberia
50%
Liechtenstein
50%
Mexico
50%
Poland
50%
Saint Lucia
50%
Saint Vincent and the Grenadines
50%
Somalia
50%
South Korea
50%
Switzerland
50%
Tuvalu
50%
Uganda
50%
Vatican City
50%
Albania
38%
Angola
38%
Argentina
38%
Bahamas
38%
Bangladesh
38%
Barbados
38%
Brunei
38%
Bulgaria
38%
Cape Verde
38%
Chad
38%
Chile
38%
Cyprus
38%
Czech Republic
38%
Dominica
38%
Dominican Republic
38%
Egypt
38%
El Salvador
38%
Estonia
38%
Finland
38%
France
38%
Georgia
38%
Germany
38%
Ghana
38%
Greece
38%
Guatemala
38%
Guinea
38%
Haiti
38%
India
38%
Italy
38%
Ivory Coast
38%
Jamaica
38%
Jordan
38%
Kenya
38%
Kiribati
38%
Kosovo
38%
Kuwait
38%
Latvia
38%
Lesotho
38%
Lithuania
38%
Luxembourg
38%
Madagascar
38%
Malaysia
38%
Maldives
38%
Malta
38%
Mauritania
38%
Moldova
38%
Monaco
38%
Montenegro
38%
Morocco
38%
Mozambique
38%
Nepal
38%
Netherlands
38%
New Zealand
38%
Niger
38%
Nigeria
38%
North Korea
38%
Pakistan
38%
Palau
38%
Panama
38%
Papua New Guinea
38%
Philippines
38%
Portugal
38%
Qatar
38%
Saudi Arabia
38%
Senegal
38%
Serbia
38%
Seychelles
38%
Slovakia
38%
Slovenia
38%
South Africa
38%
Spain
38%
Sri Lanka
38%
Suriname
38%
Sweden
38%
Tonga
38%
Trinidad and Tobago
38%
Tunisia
38%
Turkey
38%
Turkmenistan
38%
Ukraine
38%
United Kingdom
38%
United States
38%
Uruguay
38%
Uzbekistan
38%
Vanuatu
38%
Venezuela
38%
Vietnam
38%
Afghanistan
25%
Algeria
25%
Antigua and Barbuda
25%
Armenia
25%
Australia
25%
Azerbaijan
25%
Bahrain
25%
Belgium
25%
Belize
25%
Benin
25%
Bolivia
25%
Bosnia and Herzegovina
25%
Botswana
25%
Brazil
25%
Burundi
25%
Cambodia
25%
Cameroon
25%
Central African Republic
25%
Colombia
25%
Costa Rica
25%
Democratic Republic of the Congo
25%
Denmark
25%
Djibouti
25%
East Timor
25%
Ethiopia
25%
Gabon
25%
Gambia
25%
Guinea-Bissau
25%
Guyana
25%
Honduras
25%
Iraq
25%
Ireland
25%
Kyrgyzstan
25%
Laos
25%
Malawi
25%
Mali
25%
Marshall Islands
25%
Mauritius
25%
Mongolia
25%
Myanmar
25%
Namibia
25%
Nicaragua
25%
North Macedonia
25%
Norway
25%
Oman
25%
Paraguay
25%
Peru
25%
Republic of the Congo
25%
Romania
25%
Russia
25%
Rwanda
25%
Samoa
25%
San Marino
25%
Sao Tome and Principe
25%
Sierra Leone
25%
Singapore
25%
Solomon Islands
25%
South Sudan
25%
Sudan
25%
Syria
25%
Tajikistan
25%
Tanzania
25%
Thailand
25%
Togo
25%
United Arab Emirates
25%
Yemen
25%
Zambia
25%
Zimbabwe
25%
Andorra
13%
Burkina Faso
13%
Comoros
13%
Croatia
13%
Equatorial Guinea
13%
Eritrea
13%
Eswatini
13%
Federated States of Micronesia
13%
Fiji
13%
Grenada
13%
Libya
13%
Nauru
13%
Saint Kitts and Nevis
13%
Taiwan
13%
No matching quizzes found
Score Distribution
Percent of People with Each Score
Percentile by Number Answered
Your Score History
You have not taken this quiz since the last reset